00277nam a22001097a 4500020001800000082001200018100001800030245004900048260002600097300001000123650003400133 a9789552312021 a547 PER aPerera,K.S.D. aReaction of Organometallic Compounds Unit ll aSri lankabOUSLc2010 a115p. aOUSLaReaction,orgonometallic